| 000 | 00346nam a2200145Ia 4500 | ||
|---|---|---|---|
| 008 | 230917s9999||||xx |||||||||||||| ||und|| | ||
| 040 |
_e118401 _aMAIN |
||
| 041 | _aEnglish | ||
| 082 | _a574.19285 H734A | ||
| 100 | _aHolme,David J. | ||
| 245 | 0 | _aAnalytical biochemistry | |
| 260 |
_aLondon _bLonhman _c1983 |
||
| 300 | _a460p. p. | ||
| 942 | _cBK | ||
| 999 |
_c53311 _d53311 |
||